<?xml version="1.0" encoding="UTF-8"?>
<record
    xmlns:xsi="http://www.w3.org/2001/XMLSchema-instance"
    xsi:schemaLocation="http://www.loc.gov/MARC21/slim http://www.loc.gov/standards/marcxml/schema/MARC21slim.xsd"
    xmlns="http://www.loc.gov/MARC21/slim">

  <leader>01234nam a22002657a 4500</leader>
  <controlfield tag="005">20170124103219.0</controlfield>
  <datafield tag="010" ind1=" " ind2=" ">
    <subfield code="a">930040</subfield>
  </datafield>
  <datafield tag="020" ind1=" " ind2=" ">
    <subfield code="c">100.00</subfield>
  </datafield>
  <datafield tag="035" ind1=" " ind2=" ">
    <subfield code="a">930040</subfield>
  </datafield>
  <datafield tag="037" ind1=" " ind2=" ">
    <subfield code="b">Cen Lib/Ret</subfield>
  </datafield>
  <datafield tag="040" ind1=" " ind2=" ">
    <subfield code="a">DPL</subfield>
    <subfield code="b">HN</subfield>
  </datafield>
  <datafield tag="082" ind1=" " ind2=" ">
    <subfield code="a">615.52</subfield>
    <subfield code="b">&#x91A;&#x94C;&#x92C;&#x947;&#x92A;&#x94D;&#x930;&#x93F;</subfield>
  </datafield>
  <datafield tag="100" ind1=" " ind2=" ">
    <subfield code="a">&#x91A;&#x94C;&#x92C;&#x947;, &#x92A;&#x94D;&#x930;&#x93F;&#x92F;&#x93E;&#x915;&#x941;&#x92E;&#x93E;&#x930; </subfield>
    <subfield code="9">45637</subfield>
  </datafield>
  <datafield tag="245" ind1=" " ind2=" ">
    <subfield code="a">&#x938;&#x91A;&#x93F;&#x924;&#x94D;&#x930; &#x915;&#x948;&#x902;&#x938;&#x930; &#x915;&#x940; &#x938;&#x93E;&#x92E;&#x93E;&#x928;&#x94D;&#x92F; &#x92A;&#x94D;&#x930;&#x938;&#x93E;&#x930;&#x935;&#x93F;&#x927;&#x93F; /</subfield>
    <subfield code="c">&#x92A;&#x94D;&#x930;&#x93F;&#x92F;&#x93E;&#x915;&#x941;&#x92E;&#x93E;&#x930; &#x91A;&#x94C;&#x92C;&#x947;</subfield>
  </datafield>
  <datafield tag="246" ind1=" " ind2=" ">
    <subfield code="a">Sachitra cancer ki samanya prasar-vidhi /</subfield>
    <subfield code="b">by Priya Kumar Chaube </subfield>
  </datafield>
  <datafield tag="260" ind1=" " ind2=" ">
    <subfield code="a">&#x935;&#x93E;&#x930;&#x93E;&#x923;&#x938;&#x940; </subfield>
    <subfield code="b">&#x91A;&#x94C;&#x916;&#x92E;&#x94D;&#x92C;&#x93E; &#x938;&#x941;&#x930;&#x92D;&#x93E;&#x930;&#x924;&#x940; &#x92A;&#x94D;&#x930;&#x915;&#x93E;&#x936;&#x928; </subfield>
    <subfield code="c">1978</subfield>
  </datafield>
  <datafield tag="270" ind1=" " ind2=" ">
    <subfield code="a">k-37/17, &#x917;&#x94B;&#x92A;&#x93E;&#x932; &#x92E;&#x902;&#x926;&#x93F;&#x930; &#x932;&#x947;&#x928; </subfield>
    <subfield code="b">&#x935;&#x93E;&#x930;&#x93E;&#x923;&#x938;&#x940; </subfield>
    <subfield code="e">221001</subfield>
  </datafield>
  <datafield tag="300" ind1=" " ind2=" ">
    <subfield code="a">643&#x92A;&#x943;. </subfield>
    <subfield code="c">21&#x938;&#x947;&#x92E;&#x940; (&#x938;&#x91C;&#x93F;&#x932;&#x94D;&#x926;)</subfield>
  </datafield>
  <datafield tag="500" ind1=" " ind2=" ">
    <subfield code="a">&#x905;&#x928;&#x941;&#x915;&#x94D;&#x930;&#x92E;&#x923;&#x93F;&#x915;&#x93E; &#x936;&#x93E;&#x92E;&#x93F;&#x932; </subfield>
  </datafield>
  <datafield tag="650" ind1=" " ind2=" ">
    <subfield code="a">&#x915;&#x948;&#x902;&#x938;&#x930; -- &#x935;&#x93F;&#x927;&#x93F; &#x90F;&#x935;&#x902; &#x909;&#x92A;&#x93E;&#x92F; </subfield>
    <subfield code="9">81910</subfield>
  </datafield>
  <datafield tag="650" ind1=" " ind2=" ">
    <subfield code="a">&#x930;&#x947;&#x921;&#x93F;&#x92F;&#x92E; &#x91A;&#x93F;&#x915;&#x93F;&#x924;&#x94D;&#x938;&#x93E; </subfield>
    <subfield code="9">100522</subfield>
  </datafield>
  <datafield tag="650" ind1=" " ind2=" ">
    <subfield code="a">Cancer -- Medical &amp; Tips</subfield>
    <subfield code="9">100523</subfield>
  </datafield>
  <datafield tag="650" ind1=" " ind2=" ">
    <subfield code="a">Radium therapy</subfield>
    <subfield code="9">100524</subfield>
  </datafield>
  <datafield tag="942" ind1=" " ind2=" ">
    <subfield code="2">ddc</subfield>
    <subfield code="c">HN</subfield>
    <subfield code="h">615.52</subfield>
    <subfield code="m">&#x91A;&#x94C;&#x92C;&#x947;&#x92A;&#x94D;&#x930;&#x93F;</subfield>
  </datafield>
  <datafield tag="999" ind1=" " ind2=" ">
    <subfield code="c">121731</subfield>
    <subfield code="d">121731</subfield>
  </datafield>
  <datafield tag="952" ind1=" " ind2=" ">
    <subfield code="0">0</subfield>
    <subfield code="1">0</subfield>
    <subfield code="4">0</subfield>
    <subfield code="7">0</subfield>
    <subfield code="a">L</subfield>
    <subfield code="b">L</subfield>
    <subfield code="d">2015-10-12</subfield>
    <subfield code="e">Cen Lib/Ret</subfield>
    <subfield code="g">100.00</subfield>
    <subfield code="l">2</subfield>
    <subfield code="o">615.52 &#x91A;&#x94C;&#x92C;&#x947;&#x92A;&#x94D;&#x930;&#x93F;</subfield>
    <subfield code="p">930040</subfield>
    <subfield code="r">2017-06-17 00:00:00</subfield>
    <subfield code="s">2017-06-05</subfield>
    <subfield code="t">1</subfield>
    <subfield code="v">100.00</subfield>
    <subfield code="w">2015-10-12</subfield>
    <subfield code="y">HN</subfield>
  </datafield>
</record>
